أخطاء يجب ان تصحح في التاريخ : (رقم التسجيلة. 325)
[ عرض عادي ]
| 000 -LEADER | |
|---|---|
| fixed length control field | 00807nam a22002057a 4500 |
| 005 - DATE AND TIME OF LATEST TRANSACTION | |
| control field | 20251108163338.0 |
| 008 - FIXED-LENGTH DATA ELEMENTS--GENERAL INFORMATION | |
| fixed length control field | 250721s1986 xx 000 0 ara d |
| 082 14 - DEWEY DECIMAL CLASSIFICATION NUMBER | |
| Classification number | 214.2/جما |
| 100 1# - MAIN ENTRY--PERSONAL NAME | |
| Personal name | مسعود، جمال عبد الهادي |
| 245 10 - TITLE STATEMENT | |
| Title | أخطاء يجب ان تصحح في التاريخ : |
| Remainder of title | ذرية إبراهيم عليه السلام و بيت المقدس / |
| 264 1# - PRODUCTION, PUBLICATION, DISTRIBUTION, MANUFACTURE, AND COPYRIGHT NOTICE | |
| Place of production, publication, distribution, manufacture | الرياض : |
| Name of producer, publisher, distributor, manufacturer | دار طيبه، |
| Date of production, publication, distribution, manufacture, or copyright notice | 1986. |
| 300 ## - PHYSICAL DESCRIPTION | |
| Extent | 432ص |
| 490 0# - SERIES STATEMENT | |
| Series statement | نحو تأصيل اسلامي للدراسات التاريخية:الامة المسلمة قبل بعثة محمد |
| 650 17 - SUBJECT ADDED ENTRY--TOPICAL TERM | |
| Topical term or geographic name as entry element | الأنبياء |
| 650 17 - SUBJECT ADDED ENTRY--TOPICAL TERM | |
| Topical term or geographic name as entry element | الديانات المقارنة |
| 650 17 - SUBJECT ADDED ENTRY--TOPICAL TERM | |
| Topical term or geographic name as entry element | دفع المطاعن عن الإسلام |
| 700 1# - ADDED ENTRY--PERSONAL NAME | |
| Personal name | جمعه، وفاء محمد |
| 942 ## - ADDED ENTRY ELEMENTS (KOHA) | |
| Source of classification or shelving scheme | Dewey Decimal Classification |
| Koha item type | كتب |
| حالة السحب | حالة الفقدان | مصدر التصنيف | حالة التلف | غير قابل للإعارة | المكتبة الرئيسية | المكتبة الحالية | موقع الرف | تاريخ التزويد | الرقم المتسلسل | Total Checkouts | رقم الإستدعاء | الباركود | تاريخ آخر ظهور | تاريخ الفاتورة | نوع المادة (كوها) |
|---|---|---|---|---|---|---|---|---|---|---|---|---|---|---|---|
| Dewey Decimal Classification | مكتبة النصر العامة | مكتبة النصر العامة | الإعارة | 02/04/2015 | [ 5768 ]] | 214.2/جما | PLD00381209 | 28/07/2025 | 02/04/2015 | كتب |